000 00299nam a2200121Ia 4500
008 191201s2011 xx 000 0 und d
100 _aCHANDAN,J.S.
245 0 _aManagement information system BCA-309 SEM-6
260 _aN. delhi
_bVikas Pub
_c2011
300 _a287
650 _aMCA
942 _2ddc
_cBK
999 _c276
_d276